| 000 | 00538nam a22002177a 4500 | ||
|---|---|---|---|
| 003 | BLK | ||
| 005 | 20231212093004.0 | ||
| 008 | 200709b bu ||||| |||| 00| 0 bu d | ||
| 040 | _aBLK | ||
| 041 |
_aBUL _cBUL |
||
| 245 | _aПРАЗЕН | ||
| 260 |
_aСофия _c1991 |
||
| 300 |
_a216 с. _c16 см |
||
| 380 | _a2 | ||
| 653 | 7 |
_9195460 _aрелигия |
|
| 852 | _aЦб І 26162 | ||
| 942 |
_cKNG _n0 _s1 |
||
| 944 |
_aCR _c2020-07-09 _k30553 _lИваничка Йорданова |
||
| 999 |
_c373927 _d373927 |
||
| 999 | _d373927 | ||
| 999 | _d373927 | ||